Music Quiz

Random Music Quiz

Bruce Springsteen - 'Into the Fire' Quiz Stats

 Plays Quiz not verified by Sporcle

Challenge
Share
Tweet
Embed
Score 0/291 Timer 10:00
0 Plays Today
Answer % Correct
The
100%
and
100%
you
100%
you
100%
the
100%
the
100%
the
100%
fire
100%
the
100%
the
100%
fire
100%
and
100%
you
100%
the
100%
the
100%
fire
100%
You
100%
and
100%
You
100%
the
100%
the
100%
fire
100%
the
100%
the
100%
fire
100%
you
100%
and
100%
you
100%
the
100%
the
100%
fire
100%
You
100%
the
100%
you
100%
You
100%
the
100%
the
100%
the
100%
fire
100%
the
100%
the
100%
fire
100%
and
100%
you
100%
the
100%
the
100%
fire
100%
I
97.4%
into
97.4%
into
97.4%
into
97.4%
I
97.4%
your
97.4%
into
97.4%
your
97.4%
your
97.4%
your
97.4%
your
97.4%
your
97.4%
your
97.4%
your
97.4%
your
97.4%
your
97.4%
your
97.4%
your
97.4%
into
97.4%
into
97.4%
I
97.4%
into
97.4%
your
97.4%
your
97.4%
your
97.4%
your
97.4%
your
97.4%
your
97.4%
your
97.4%
your
97.4%
your
97.4%
into
97.4%
your
97.4%
into
97.4%
into
97.4%
I
97.4%
your
97.4%
into
97.4%
your
97.4%
your
97.4%
your
97.4%
your
97.4%
your
97.4%
in
94.7%
in
94.7%
was
92.1%
Up
92.1%
stairs
92.1%
Up
92.1%
stairs
92.1%
Answer % Correct
up
92.1%
stairs
92.1%
give
92.1%
us
92.1%
give
92.1%
us
92.1%
give
92.1%
us
92.1%
give
92.1%
us
92.1%
give
92.1%
us
92.1%
give
92.1%
us
92.1%
give
92.1%
us
92.1%
us
92.1%
Up
92.1%
stairs
92.1%
Up
92.1%
stairs
92.1%
up
92.1%
stairs
92.1%
give
92.1%
us
92.1%
give
92.1%
us
92.1%
give
92.1%
us
92.1%
give
92.1%
us
92.1%
give
92.1%
us
92.1%
give
92.1%
us
92.1%
give
92.1%
us
92.1%
us
92.1%
was
92.1%
Up
92.1%
stairs
92.1%
Up
92.1%
stairs
92.1%
up
92.1%
stairs
92.1%
give
92.1%
us
92.1%
give
92.1%
us
92.1%
give
92.1%
us
92.1%
give
92.1%
us
92.1%
us
92.1%
love
89.5%
May
89.5%
May
89.5%
May
89.5%
hope
89.5%
hope
89.5%
May
89.5%
love
89.5%
love
89.5%
May
89.5%
May
89.5%
May
89.5%
hope
89.5%
hope
89.5%
May
89.5%
love
89.5%
love
89.5%
love
89.5%
to
89.5%
love
89.5%
to
89.5%
love
89.5%
May
89.5%
May
89.5%
May
89.5%
hope
89.5%
hope
89.5%
May
89.5%
love
89.5%
love
89.5%
May
89.5%
May
89.5%
May
89.5%
hope
89.5%
hope
89.5%
May
89.5%
love
89.5%
love
89.5%
to
89.5%
love
89.5%
May
89.5%
May
89.5%
May
89.5%
Answer % Correct
hope
89.5%
hope
89.5%
May
89.5%
love
89.5%
love
89.5%
May
89.5%
love
89.5%
love
89.5%
strength
86.8%
strength
86.8%
strength
86.8%
strength
86.8%
strength
86.8%
strength
86.8%
strength
86.8%
strength
86.8%
strength
86.8%
strength
86.8%
with
84.2%
me
84.2%
me
84.2%
me
84.2%
me
84.2%
sky
81.6%
heard
78.9%
then
78.9%
faith
78.9%
faith
78.9%
faith
78.9%
faith
78.9%
faith
78.9%
faith
78.9%
faith
78.9%
faith
78.9%
faith
78.9%
faith
78.9%
blood
76.3%
calling
76.3%
disappeared
76.3%
gave
76.3%
gave
76.3%
gave
76.3%
need
73.7%
need
73.7%
see
73.7%
need
73.7%
see
73.7%
someplace
71.1%
bring
71.1%
someplace
71.1%
bring
71.1%
someplace
71.1%
bring
71.1%
falling
68.4%
dust
68.4%
kiss
68.4%
dark
68.4%
dark
68.4%
kiss
68.4%
streaked
65.8%
of
65.8%
Too
65.8%
of
65.8%
higher
63.2%
Somewhere
63.2%
higher
63.2%
Somewhere
63.2%
It
63.2%
higher
63.2%
Somewhere
63.2%
But
57.9%
down
57.9%
But
57.9%
darkness
57.9%
But
57.9%
duty
55.3%
called
55.3%
duty
55.3%
called
55.3%
duty
55.3%
called
55.3%
body
52.6%
lay
52.6%
smoky
52.6%
on
50%
young
47.4%
held
47.4%
grave
47.4%
fields
44.7%
red
44.7%
Laid
42.1%
light
42.1%
hand
42.1%
Walked
42.1%
brown
36.8%
autumn
36.8%
near
34.2%

You're not logged in!

Compare scores with friends on all Sporcle quizzes.
Join for Free
OR
Log In

You Might Also Like...

Show Comments

Extras

Created Dec 27, 2015ReportNominate
Tags:bruce, Bruce Springsteen, fire

Top Quizzes Today


Score Distribution

Your Account Isn't Verified!

In order to create a playlist on Sporcle, you need to verify the email address you used during registration. Go to your Sporcle Settings to finish the process.

Report this User

Report this user for behavior that violates our Community Guidelines.

Details: